Southville International School and Colleges
Your cart is empty.
  • Cart
  • Lists
    Public lists Eva Luna New books Lux_list list_1
    Your lists Log in to create your own lists
  • Log in to your account
  • Your cookies
  • Search history
Southville International School and Colleges
  • Advanced search
  • Recent comments
  • Most popular
  • Libraries

Log in to your account

Log in with GOOGLE


If you do not have an external account, but do have a local account, you can still log in:

  1. Home
  2. MARC view: Contemporary society :
Normal view MARC view ISBD view

Contemporary society : (Record no. 8741)

[ view plain ]
MARC details
000 -LEADER
fixed length control field 00887cam a2200277 4500
001 - CONTROL NUMBER
control field 1265733
003 - CONTROL NUMBER IDENTIFIER
control field OSt
005 - DATE AND TIME OF LATEST TRANSACTION
control field 20140310182038.0
008 - FIXED-LENGTH DATA ELEMENTS--GENERAL INFORMATION
fixed length control field 720705s1972 caua bs 001 0 eng
010 ## - LIBRARY OF CONGRESS CONTROL NUMBER
LC control number 74172164
020 ## - INTERNATIONAL STANDARD BOOK NUMBER
International Standard Book Number 0063867524
040 ## - CATALOGING SOURCE
Original cataloging agency DLC
Transcribing agency DLC
Modifying agency DLC
050 00 - LIBRARY OF CONGRESS CALL NUMBER
Classification number H 83
Item number .P462 1972
082 00 - DEWEY DECIMAL CLASSIFICATION NUMBER
Classification number HS 300
Item number P43 1972
100 1# - MAIN ENTRY--PERSONAL NAME
Personal name Perry, John A.
Fuller form of name (John Ambrose),
Dates associated with a name 1931-
Relator term comp.
9 (RLIN) 10956
245 10 - TITLE STATEMENT
Title Contemporary society :
Remainder of title an introduction to social science /
Statement of responsibility, etc [compiled by] John A. Perry [and] Murray P. Seidler.
260 ## - PUBLICATION, DISTRIBUTION, ETC. (IMPRINT)
Place of publication, distribution, etc San Francisco :
Name of publisher, distributor, etc Canfield Press,
Date of publication, distribution, etc c1972.
300 ## - PHYSICAL DESCRIPTION
Extent 676 p. :
Other physical details ill. ;
Dimensions 26 cm.
350 ## - PRICE (NR) (BK AM CF MU VM SE) [OBSOLETE]
Price $7.50
500 ## - GENERAL NOTE
General note Includes bibliographies.
650 #0 - SUBJECT ADDED ENTRY--TOPICAL TERM
Topical term or geographic name as entry element Social sciences.
9 (RLIN) 10957
700 1# - ADDED ENTRY--PERSONAL NAME
Personal name Seidler, Murray P.,
Relator term joint comp.
9 (RLIN) 10958
906 ## - LOCAL DATA ELEMENT F, LDF (RLIN)
a 7
b cbc
c orignew
d 2
e ncip
f 19
g y-gencatlg
942 ## - ADDED ENTRY ELEMENTS (KOHA)
Source of classification or shelving scheme Library of Congress Classification
Koha item type
Call number prefix
Holdings
Withdrawn status Lost status Source of classification or shelving scheme Damaged status Home library Current library Shelving location Date acquired Source of acquisition Total Checkouts Total Renewals Full call number Barcode Date last seen Date checked out Copy number Price effective from Koha item type Public note
Withdrawn   Library of Congress Classification   Luxembourg Library Luxembourg Library High School Section 08/15/2013 Donation 1 2 H 83 .P462 1972 2709 12/07/2018 07/23/2018 1 08/15/2013 Books Lost and replaced by Ms Emelu Majahrani Montinola

Contemporary society :

APA

Perry J. A., Seidler M. P., . (1972). Contemporary society. San Francisco: Canfield Press.

Chicago

Perry John A, Seidler Murray P, . 1972. Contemporary society. San Francisco: Canfield Press.

Harvard

Perry J. A., Seidler M. P., . (1972). Contemporary society. San Francisco: Canfield Press.

MLA

Perry John A, Seidler Murray P, . Contemporary society. San Francisco: Canfield Press. 1972.

  • Print
  • Cite
  • Add to your cart (remove)
  • Save record
    BIBTEX Dublin Core MARCXML MARC (non-Unicode/MARC-8) MARC (Unicode/UTF-8) MARC (Unicode/UTF-8, Standard) MODS (XML) RIS
  • More searches
    Search for this title in:
    Other Libraries (WorldCat) Other Databases (Google Scholar) Online Stores (Bookfinder.com) Open Library (openlibrary.org)

Exporting to Dublin Core...

SOUTHVILLE LIBRARY

Southville International School and Colleges Library

1281 Tropical Ave. Cor. Luxembourg St., BF Homes International, Las Pinas City

Tel. No. 8256374 / 252358 Loc. 117/146

Powered by Koha